Title in the Lyrics - Rock - Statistics

General Stats
  • This quiz has been taken 22 times
    20 since last reset
  • The average score is 6 of 22
Answer Stats
Hint Answer % Correct
There goes __ ____, watch him as he goes My Hero - Foo Fighters
75%
What else should I be? ___ _________ - What else should I say? Everyone is gay All Apologies - Nirvana
67%
Your head will collapse, but there's nothing in it, and you'll ask yourself - _____ __ __ ____? *x3* Where Is My Mind? - Pixies
50%
Trust I seek and I find in you - Every day for us, something new - Open mind for a different view - And _______ ____ _______ Nothing Else Matters - Metallica
42%
Her soul slides away - "But ___'_ ____ ____ __ _____", I heard you say Don't Look Back In Anger - Oasis
33%
Going blind, out of reach, somewhere in the ________ Vasoline - Stone Temple Pilots
33%
Let me go on, like I _______ __ ___ ___ - Let me go on, big hands, I know you're the one Blister In The Sun - Violent Femmes
25%
____ ____, thoughts arrive like butterflies - Oh he don't know, so he chases them away Even Flow - Pearl Jam
25%
You've got your problems, I've got my eyes wide, you've got your big G's, I've got my ____ ____ Hash Pipe - Weezer
25%
You make me come, you make me complete, you make me completely _________ Miserable - Lit
25%
It's ____ ____ _ _______, when I hear that old song they used to play More Than a Feeling - Boston
25%
But I'm gonna break, I'm gonna break my, I'm gonna break my _____ ____ and run Rusty Cage - Soundgarden
25%
_____ in the place where you live - Think about direction, wonder why you haven't before Stand - R.E.M.
25%
I feel so alone, gonna end up a big ol' pile of ____ _____ Them Bones - Alice In Chains
25%
I'm your lover, I'm your ____, I'm the face in your dreams of glass Zero - The Smashing Pumpkins
25%
_____ ____ in a white plight - Won't you fill up the tank, let's go for a ride Black Gold - Soul Asylum
17%
And baby, if you're feeling nice - You know your man is working hard, he's worth a _____ Deuce - KISS
17%
We've changed a lot and then some, some - You know that we have always been ____, ____ Down - 311
17%
Cause I'm ____ _ ____, a little ol' me, well don't let me out of your sight Just A Girl - No Doubt
17%
I pull the blinds, then I take my clothes off - Dance around the house like a ______ ___ Nature Boy - Primus
17%
But she don't use butter, she don't use cheese, ___ ___'_ ___ _____, or any of these She Don't Use Jelly - The Flaming Lips
17%
She's alone in ___ ___ _________ *x2* The New Pollution - Beck
8%
No matching quizzes found
Score Distribution
Percent of People with Each Score
Percentile by Number Answered
Your Score History
You have not taken this quiz since the last reset